[Event "Montcalm 5 2025-26"]
[Site "Quebec CAN"]
[Date "2026.03.05"]
[Round "4"]
[White "Sauve, Richard"]
[Black "Auger, Bertrand"]
[Result "1-0"]
[WhiteElo "1812"]
[BlackElo "1869"]
[WhiteFideId "-1"]
[BlackFideId "-1"]
[PlyCount "160"]
[GameId "2285107544617065"]
[EventDate "2026.02.12"]
[EventType "swiss"]
[EventRounds "5"]
[EventCountry "CAN"]

1. d4 Nf6 2. c4 e6 3. Nf3 b6 4. g3 Bb7 5. Bg2 Be7 6. O-O O-O 7. d5 exd5 8. Nh4 Re8 9. cxd5 Bc5 10. Nc3 d6 11. a3 a5 12. Rb1 Na6 13. Nf5 Bc8 14. Nd4 Bg4 15. Nc6 Qd7 16. b4 axb4 17. axb4 Nxb4 18. Nxb4 Bf5 19. Nd3 Bd4 20. Bb2 Bg4 21. Re1 Re7 22. Qd2 Rae8 23. e3 Bc5 24. Nxc5 bxc5 25. e4 Bh5 26. Ra1 Bg6 27. f3 h6 28. Ra7 Qc8 29. Rea1 Qb8 30. R1a2 Nd7 31. Qd3 Ne5 32. Qb5 Qc8 33. Nd1 f5 34. Bxe5 Rxe5 35. Nc3 fxe4 36. fxe4 Qg4 37. Ra8 Qg5 38. Rxe8+ Rxe8 39. Qe2 Qc1+ 40. Nd1 Rb8 41. Rc2 Qa1 42. Kf2 Rf8+ 43. Ke1 Qd4 44. Qe3 Qb4+ 45. Qc3 Qb1 46. Qb2 Rb8 47. Qxb1 Rxb1 48. Rb2 Ra1 49. Kd2 Bh5 50. Ne3 Ra7 51. Bh3 Bg6 52. Nf5 Kf7 53. Ke3 Kf6 54. Rf2 Ra3+ 55. Ke2 Ra2+ 56. Kf1 Ra1+ 57. Kg2 Ke5 58. Re2 Kf6 59. Rb2 Re1 60. Kf3 Ke5 61. Re2 Ra1 62. Kf2 Kf6 63. Ne3 Bh5 64. Bg4 Be8 65. Kg2 Ke5 66. Nf5 h5 67. Bf3 g6 68. Ne3 Bb5 69. Rb2 Ba6 70. Rc2 Bd3 71. Rb2 Ba6 72. h3 Ra3 73. Nc2 Rc3 74. Kf2 Bd3 75. Ne1 Ba6 76. Ra2 Bb5 77. Ra7 Rb3 78. Rxc7 Rb2+ 79. Ke3 Rb3+ 80. Kd2 Rb2+ 1-0

[Event "Montcalm 5 2025-26"]
[Site "Quebec CAN"]
[Date "2026.03.05"]
[Round "4"]
[White "Perreault, Jacquelin"]
[Black "Gaulin, Gaetan"]
[Result "0-1"]
[WhiteElo "1757"]
[BlackElo "1862"]
[WhiteFideId "-1"]
[BlackFideId "-1"]
[PlyCount "84"]
[GameId "2285107544633450"]
[EventDate "2026.02.12"]
[EventType "swiss"]
[EventRounds "5"]
[EventCountry "CAN"]

1. e4 c6 2. d4 d5 3. Nd2 dxe4 4. Nxe4 Nf6 5. Nxf6+ exf6 6. c3 Bd6 7. Bd3 O-O 8. Ne2 Re8 9. O-O Qc7 10. Ng3 Be6 11. Qh5 g6 12. Qh6 Nd7 13. Bd2 a5 14. Rfe1 a4 15. Ne4 Bf8 16. Qh4 Bg7 17. Bh6 Bf5 18. Bxg7 Kxg7 19. Nc5 Bxd3 20. Nxd3 Nb6 21. Qg3 Qxg3 22. hxg3 Nc4 23. b3 axb3 24. axb3 Rxa1 25. Rxa1 Nd6 26. Ra7 Nb5 27. Rxb7 Nxc3 28. Rc7 Ne2+ 29. Kf1 Nxd4 30. Nc5 Rb8 31. Ke1 Rb5 32. b4 Rxb4 33. Rd7 Rc4 34. Kd2 Rxc5 35. Rxd4 h5 36. Rd6 g5 37. Kd3 Rc1 38. Ke2 c5 39. Rc6 Kg6 40. f4 Rc2+ 41. Kf3 g4+ 42. Ke4 Re2+ 0-1

[Event "Montcalm 5 2025-26"]
[Site "Quebec CAN"]
[Date "2026.03.05"]
[Round "4"]
[White "Oliver, Vance"]
[Black "Audouze, Oscar"]
[Result "0-1"]
[WhiteElo "1431"]
[BlackElo "1844"]
[WhiteFideId "-1"]
[BlackFideId "-1"]
[PlyCount "38"]
[GameId "2285107544637547"]
[EventDate "2026.02.12"]
[EventType "swiss"]
[EventRounds "5"]
[EventCountry "CAN"]

1. e4 e6 2. d4 d5 3. Nd2 c5 4. Ngf3 cxd4 5. Nxd4 Nf6 6. e5 Nfd7 7. N2f3 Nc6 8. Bf4 Qb6 9. Nb3 Qb4+ 10. Qd2 Qe4+ 11. Be2 Ndxe5 12. O-O Bd6 13. Ng5 Qf5 14. Bb5 Nc4 15. Qd4 Qxf4 16. Qxf4 Bxf4 17. Nh3 Be5 18. f4 Bxb2 19. Rad1 Ne3 0-1

[Event "Montcalm 5 2025-26"]
[Site "Quebec CAN"]
[Date "2026.03.05"]
[Round "4"]
[White "Lamini, Cedric"]
[Black "Bluteau, Yvon"]
[Result "0-1"]
[WhiteElo "1659"]
[BlackElo "1802"]
[WhiteFideId "-1"]
[BlackFideId "-1"]
[PlyCount "68"]
[GameId "2285107544637548"]
[EventDate "2026.02.12"]
[EventType "swiss"]
[EventRounds "5"]
[EventCountry "CAN"]

1. d4 Nf6 2. Nf3 d5 3. Bf4 c6 4. e3 Qb6 5. Qc1 Bf5 6. Nbd2 e6 7. Ne5 Nbd7 8. Ndf3 Be7 9. h3 O-O 10. g4 Be4 11. Rg1 Bxf3 12. Nxf3 Ne4 13. Bd3 f6 14. Bxe4 dxe4 15. Nd2 e5 16. dxe5 fxe5 17. Bg3 Bb4 18. c3 Nc5 19. Qc2 Nd3+ 20. Ke2 Qa6 21. cxb4 Nxb2+ 22. Ke1 Nd3+ 23. Kd1 Kh8 24. Qc4 Nb2+ 25. Kc2 Nxc4 26. Nxe4 Qa4+ 27. Kc3 Na3 28. Rgc1 a5 29. Kd2 Qxb4+ 30. Nc3 Rad8+ 31. Ke1 Qb2 32. Kf1 Nc2 33. Rab1 Qxc3 34. Rb3 Nxe3+ 0-1

[Event "Montcalm 5 2025-26"]
[Site "Quebec CAN"]
[Date "2026.03.05"]
[Round "4"]
[White "Barrera, Eduardo"]
[Black "Beland, Philippe"]
[Result "1-0"]
[WhiteElo "1950"]
[BlackElo "1045"]
[WhiteFideId "-1"]
[BlackFideId "-1"]
[PlyCount "89"]
[GameId "2285107544637549"]
[EventDate "2026.02.12"]
[EventType "swiss"]
[EventRounds "5"]
[EventCountry "CAN"]

1. e4 c6 2. d4 d5 3. e5 c5 4. c3 cxd4 5. cxd4 Nc6 6. Nc3 e6 7. Nf3 Nge7 8. Bd3 Nf5 9. Bxf5 exf5 10. Qb3 Bb4 11. O-O Bxc3 12. bxc3 h6 13. Ba3 a5 14. Rfd1 a4 15. Qc2 Ne7 16. c4 Be6 17. Rab1 Qd7 18. Qb2 dxc4 19. Qxb7 Bd5 20. Qb4 Ra7 21. Nd2 Rb7 22. Qxe7+ Qxe7 23. Bxe7 Rxb1 24. Nxb1 Kxe7 25. Nc3 Ke6 26. Nxa4 Ra8 27. Nc5+ Ke7 28. a4 Ra5 29. Kf1 f6 30. f4 fxe5 31. fxe5 g5 32. Rb1 Bc6 33. Rb4 c3 34. Rc4 Rxa4 35. Nxa4 Bb5 36. Nxc3 Bxc4+ 37. Kf2 Ke6 38. g3 h5 39. Ke3 Bf1 40. h4 gxh4 41. gxh4 Bh3 42. Kf4 Bg4 43. d5+ Ke7 44. Nb5 Kd7 45. Nd4 1-0

[Event "Montcalm 5 2025-26"]
[Site "Quebec CAN"]
[Date "2026.03.05"]
[Round "4"]
[White "Dumont, Eric"]
[Black "Genest, Dominic"]
[Result "1-0"]
[WhiteElo "1648"]
[BlackElo "1802"]
[WhiteFideId "-1"]
[BlackFideId "-1"]
[PlyCount "107"]
[GameId "2285107544637550"]
[EventDate "2026.02.12"]
[EventType "swiss"]
[EventRounds "5"]
[EventCountry "CAN"]

1. d4 d5 2. Bf4 Bf5 3. e3 Nf6 4. c4 e6 5. Nc3 c6 6. Nf3 Nbd7 7. Be2 h6 8. h3 Qb6 9. Qb3 dxc4 10. Bxc4 Nd5 11. O-O Nxf4 12. exf4 Qxb3 13. Bxb3 Bd6 14. Ne5 Rd8 15. Rad1 Nb6 16. g4 Bh7 17. Rfe1 O-O 18. g5 h5 19. g6 Bxg6 20. Nxg6 fxg6 21. Bxe6+ Kh7 22. Re2 Rxf4 23. Ne4 Be7 24. Kg2 Nd5 25. Rdd2 Bh4 26. Bxd5 Rxd5 27. f3 Rd7 28. Rd3 Bf6 29. Kg3 Rf5 30. Red2 Rfd5 31. Nc5 Re7 32. Ne4 b6 33. Nc3 Rg5+ 34. Kf2 Rd7 35. Rd1 Rf5 36. R1d2 b5 37. b4 Rf4 38. Ne4 Be7 39. a3 a5 40. bxa5 Ra7 41. Rc2 Rxa5 42. Rxc6 Bxa3 43. d5 Be7 44. d6 Bh4+ 45. Ke3 Rf8 46. d7 Be7 47. Re6 Bh4 48. Re8 Ra8 49. Rxf8 Rxf8 50. Rd5 Rb8 51. f4 Kg8 52. Re5 Kf8 53. Nd6 Be7 54. Nc8 1-0

[Event "Montcalm 5 2025-26"]
[Site "Quebec CAN"]
[Date "2026.03.05"]
[Round "4"]
[White "Bergeron, Nicolas"]
[Black "Fleury, Dominic"]
[Result "1-0"]
[WhiteElo "1703"]
[BlackElo "1335"]
[WhiteFideId "-1"]
[BlackFideId "-1"]
[PlyCount "57"]
[GameId "2285107544637551"]
[EventDate "2026.02.12"]
[EventType "swiss"]
[EventRounds "5"]
[EventCountry "CAN"]

1. d4 d5 2. c4 e6 3. Nf3 Nf6 4. g3 Be7 5. Bg2 O-O 6. O-O b6 7. cxd5 Nxd5 8. e4 Nf6 9. Nc3 Nbd7 10. Qc2 Ba6 11. Rd1 Rc8 12. h3 c5 13. d5 e5 14. d6 Bxd6 15. Rxd6 Qc7 16. Rd1 Rfe8 17. Bg5 h6 18. Be3 Nf8 19. Nh4 Ng6 20. Nf5 Kh7 21. Nd6 Re7 22. Nxc8 Bxc8 23. Nd5 Nxd5 24. exd5 Qd6 25. b4 Rc7 26. bxc5 bxc5 27. Rac1 f5 28. Bxc5 Qd7 29. d6 1-0

[Event "Montcalm 5 2025-26"]
[Site "Quebec CAN"]
[Date "2026.03.05"]
[Round "4"]
[White "Boissinot, Claude"]
[Black "Cantin, Guillaume"]
[Result "0-1"]
[WhiteElo "1356"]
[BlackElo "1629"]
[WhiteFideId "-1"]
[BlackFideId "-1"]
[PlyCount "50"]
[GameId "2285107544645744"]
[EventDate "2026.02.12"]
[EventType "swiss"]
[EventRounds "5"]
[EventCountry "CAN"]

1. e4 e6 2. d4 d5 3. Nc3 Nf6 4. e5 Nfd7 5. Nge2 c5 6. f4 Nc6 7. dxc5 Bxc5 8. Ng3 a6 9. Qg4 g6 10. Bd2 b5 11. a3 b4 12. axb4 Nxb4 13. O-O-O Qa5 14. Kb1 d4 15. Bc4 dxc3 16. Bxc3 Nb6 17. Bb3 Na4 18. Bxb4 Qxb4 19. Qf3 Rb8 20. Qd3 O-O 21. Ne4 Be7 22. h4 Bb7 23. Nf6+ Bxf6 24. exf6 Be4 25. Qe3 Qxb3 0-1

[Event "Montcalm 5 2025-26"]
[Site "Quebec CAN"]
[Date "2026.03.05"]
[Round "4"]
[White "Pepin, Pierre-Luc"]
[Black "Sarra-Bournet, Marc"]
[Result "0-1"]
[WhiteElo "1186"]
[BlackElo "1731"]
[WhiteFideId "-1"]
[BlackFideId "-1"]
[PlyCount "42"]
[GameId "2285107544645745"]
[EventDate "2026.02.12"]
[EventType "swiss"]
[EventRounds "5"]
[EventCountry "CAN"]

1. f4 d5 2. g3 Nf6 3. d4 Bf5 4. Bg2 e6 5. Nf3 Be7 6. c3 O-O 7. O-O Nbd7 8. Nbd2 c5 9. a3 cxd4 10. Nxd4 Qb6 11. e3 Bg4 12. Qc2 Rac8 13. N2f3 Bc5 14. Qf2 Ne4 15. Qe1 Bd6 16. Nd2 Nec5 17. N2f3 Nf6 18. Qd2 Nfe4 19. Qd1 e5 20. fxe5 Bxe5 21. h3 Bxf3 0-1

[Event "Montcalm 5 2025-26"]
[Site "Quebec CAN"]
[Date "2026.03.12"]
[Round "5"]
[White "Plante, Rejean"]
[Black "Berube, Antoine"]
[Result "0-1"]
[WhiteElo "1952"]
[BlackElo "2214"]
[WhiteFideId "-1"]
[BlackFideId "-1"]
[PlyCount "60"]
[GameId "2287551710151210"]
[EventDate "2026.02.12"]
[EventType "swiss"]
[EventRounds "5"]
[EventCountry "CAN"]

1. e4 c5 2. Nf3 Nc6 3. d4 cxd4 4. Nxd4 e5 5. Nb5 d6 6. N1c3 a6 7. Na3 Be7 8. Nc4 b5 9. Ne3 Nf6 10. Bd3 O-O 11. O-O Nb4 12. Be2 Be6 13. a3 Nc6 14. Ncd5 Nxe4 15. c4 Nd4 16. cxb5 axb5 17. Bxb5 Nxf2 18. Rxf2 Nxb5 19. b4 Bg5 20. Bb2 Nc7 21. Rf1 Qb8 22. Kh1 Nxd5 23. Nxd5 Qb7 24. Nc3 Rfd8 25. Qe2 f5 26. Rad1 Bf6 27. Nb1 Rac8 28. Rc1 f4 29. Rxc8 Rxc8 30. Nd2 Rc2 0-1

[Event "Montcalm 5 2025-26"]
[Site "Quebec CAN"]
[Date "2026.03.12"]
[Round "5"]
[White "Rainfray, Arnaud"]
[Black "Bluteau, Yvon"]
[Result "1-0"]
[WhiteElo "2336"]
[BlackElo "1802"]
[WhiteFideId "-1"]
[BlackFideId "-1"]
[PlyCount "73"]
[GameId "2287551710155307"]
[EventDate "2026.02.12"]
[EventType "swiss"]
[EventRounds "5"]
[EventCountry "CAN"]

1. e4 d5 2. exd5 Qxd5 3. Nc3 Qa5 4. d4 Nf6 5. Bc4 Bf5 6. Nf3 e6 7. O-O Bd6 8. Bd2 c6 9. d5 cxd5 10. Nxd5 Qd8 11. Nxf6+ gxf6 12. Bc3 Nc6 13. Nd4 Nxd4 14. Qxd4 Be7 15. Bb5+ Kf8 16. Qh4 Kg7 17. Rad1 Qf8 18. Rd7 a6 19. Bd3 Bg6 20. Bd2 h5 21. Bxg6 fxg6 22. Bb4 Re8 23. Rxb7 Kh6 24. Bd2+ g5 25. Qe4 e5 26. Bc3 Bc5 27. h4 Re7 28. hxg5+ fxg5 29. Qc6+ Kh7 30. Qxc5 Rxb7 31. Qxe5 Rg7 32. Qe4+ Rg6 33. Bxh8 Qxh8 34. Rd1 Kh6 35. Qd4 Qc8 36. c4 Qf5 37. Qh8# 1-0

[Event "Montcalm 5 2025-26"]
[Site "Quebec CAN"]
[Date "2026.03.12"]
[Round "5"]
[White "Audouze, Oscar"]
[Black "Sauve, Richard"]
[Result "1-0"]
[WhiteElo "1844"]
[BlackElo "1812"]
[WhiteFideId "-1"]
[BlackFideId "-1"]
[PlyCount "79"]
[GameId "2287551710155308"]
[EventDate "2026.02.12"]
[EventType "swiss"]
[EventRounds "5"]
[EventCountry "CAN"]

1. d4 d5 2. c4 e6 3. Nc3 Nf6 4. cxd5 exd5 5. Bg5 c6 6. e3 Be7 7. Bd3 h6 8. Bh4 O-O 9. Nge2 Nbd7 10. O-O Ne4 11. Bxe7 Qxe7 12. Bxe4 dxe4 13. d5 cxd5 14. Nxd5 Qe5 15. Rc1 Nb6 16. Nxb6 axb6 17. Qb3 Ra6 18. Nd4 Bd7 19. a3 Re8 20. Rc3 Be6 21. Qb5 Bg4 22. Rfc1 Qxb5 23. Nxb5 Rd8 24. h3 Be2 25. Rc8 Ra8 26. Rxa8 Rxa8 27. Nd6 Bd3 28. Rc7 Rd8 29. Nxb7 Rd5 30. Rc8+ Kh7 31. Rc6 b5 32. Kh2 Bb1 33. Rd6 Rf5 34. Kg1 h5 35. b4 Ba2 36. Rb6 Rd5 37. Nd6 Bc4 38. Nxe4 Rd1+ 39. Kh2 Ra1 40. Ng5+ 1-0

[Event "Montcalm 5 2025-26"]
[Site "Quebec CAN"]
[Date "2026.03.12"]
[Round "5"]
[White "Barrera, Eduardo"]
[Black "Dumont, Eric"]
[Result "1-0"]
[WhiteElo "1950"]
[BlackElo "1648"]
[WhiteFideId "-1"]
[BlackFideId "-1"]
[PlyCount "65"]
[GameId "2287551710155309"]
[EventDate "2026.02.12"]
[EventType "swiss"]
[EventRounds "5"]
[EventCountry "CAN"]

1. e4 c6 2. d4 d5 3. e5 Bf5 4. Nf3 e6 5. Be2 c5 6. c3 Nc6 7. O-O Nge7 8. dxc5 Ng6 9. b4 Ncxe5 10. Nd4 Bxb1 11. Bb5+ Nd7 12. Rxb1 a6 13. Ba4 Be7 14. c6 bxc6 15. Bxc6 Ra7 16. Be3 Nge5 17. Nxe6 fxe6 18. Qh5+ Ng6 19. Bxa7 O-O 20. Qe2 Nf4 21. Qxa6 Ne5 22. f3 Nc4 23. Rbe1 Bd6 24. g3 Qg5 25. Kh1 Nh5 26. Bf2 Qf5 27. f4 Qd3 28. Bb5 Nxf4 29. gxf4 Qf3+ 30. Kg1 Bxf4 31. Qxe6+ Kh8 32. Bxc4 Qh5 33. Bg3 1-0

[Event "Montcalm 5 2025-26"]
[Site "Quebec CAN"]
[Date "2026.03.12"]
[Round "5"]
[White "Bourassa, Samuel"]
[Black "Oliver, Vance"]
[Result "1-0"]
[WhiteElo "1992"]
[BlackElo "1431"]
[WhiteFideId "-1"]
[BlackFideId "-1"]
[PlyCount "45"]
[GameId "2287551710159406"]
[EventDate "2026.02.12"]
[EventType "swiss"]
[EventRounds "5"]
[EventCountry "CAN"]

1. e4 d6 2. d4 g6 3. f4 Bg7 4. Nf3 Nf6 5. Bd3 O-O 6. h3 c5 7. c3 cxd4 8. cxd4 Nc6 9. Nc3 Qb6 10. Ne2 Nd7 11. Bc2 Qb4+ 12. Qd2 a5 13. a3 Qxd2+ 14. Bxd2 e5 15. fxe5 dxe5 16. d5 Nd4 17. Nexd4 exd4 18. O-O-O Nc5 19. Bf4 Re8 20. Rhe1 a4 21. Nxd4 Bd7 22. Kb1 Rab8 23. Bxb8 1-0

[Event "Montcalm 5 2025-26"]
[Site "Quebec CAN"]
[Date "2026.03.12"]
[Round "5"]
[White "Auger, Bertrand"]
[Black "Verge, Leo"]
[Result "1-0"]
[WhiteElo "1869"]
[BlackElo "1844"]
[WhiteFideId "-1"]
[BlackFideId "-1"]
[PlyCount "73"]
[GameId "2287551710159407"]
[EventDate "2026.02.12"]
[EventType "swiss"]
[EventRounds "5"]
[EventCountry "CAN"]

1. Nf3 Nf6 2. g3 g6 3. b4 a5 4. b5 Bg7 5. Bb2 c6 6. c4 d5 7. bxc6 bxc6 8. cxd5 cxd5 9. Bg2 Nc6 10. O-O Qb6 11. Qc1 Ba6 12. Nc3 O-O 13. Rb1 Rac8 14. Nxd5 Qa7 15. Nxf6+ exf6 16. Qd1 Rfe8 17. d3 Rc7 18. Qd2 Rce7 19. Rfe1 Qd7 20. Rbc1 Bb7 21. d4 Ba6 22. Bf1 Nb4 23. a3 Nd5 24. Rc5 a4 25. Qa5 Bb7 26. Nd2 Nf4 27. e3 Nh3+ 28. Bxh3 Qxh3 29. d5 h5 30. Qb5 Bh6 31. Nf1 f5 32. Qe2 f4 33. Qf3 fxe3 34. fxe3 Ba6 35. Qf6 Bxe3+ 36. Nxe3 Rxe3 37. Qg7# 1-0

[Event "Montcalm 5 2025-26"]
[Site "Quebec CAN"]
[Date "2026.03.12"]
[Round "5"]
[White "Genest, Dominic"]
[Black "Cantin, Guillaume"]
[Result "1/2-1/2"]
[WhiteElo "1802"]
[BlackElo "1629"]
[WhiteFideId "-1"]
[BlackFideId "-1"]
[PlyCount "70"]
[GameId "2287551710159408"]
[EventDate "2026.02.12"]
[EventType "swiss"]
[EventRounds "5"]
[EventCountry "CAN"]

1. c4 Nf6 2. g3 e6 3. Bg2 d5 4. Nf3 Be7 5. O-O O-O 6. d4 c6 7. Nc3 dxc4 8. Ne5 Nbd7 9. Nxc4 c5 10. d5 exd5 11. Nxd5 Nxd5 12. Qxd5 Nf6 13. Qxd8 Rxd8 14. Bf4 Be6 15. b3 Bxc4 16. bxc4 Rd7 17. Rab1 Rad8 18. Rxb7 Rxb7 19. Bxb7 Nh5 20. Be3 Rb8 21. Rb1 Kf8 22. Be4 Rxb1+ 23. Bxb1 Ke8 24. Be4 Kd7 25. Bf3 Nf6 26. Bg5 h6 27. Bxf6 Bxf6 28. Bd5 Ke7 29. Kg2 Bc3 30. Kf3 f6 31. Kf4 g6 32. g4 Be5+ 33. Ke4 Bxh2 34. f4 Bg3 35. f5 g5 1/2-1/2

[Event "Montcalm 5 2025-26"]
[Site "Quebec CAN"]
[Date "2026.03.12"]
[Round "5"]
[White "Beland, Philippe"]
[Black "Bergeron, Normand"]
[Result "1-0"]
[WhiteElo "1045"]
[BlackElo "1692"]
[WhiteFideId "-1"]
[BlackFideId "-1"]
[PlyCount "53"]
[GameId "2287551710159409"]
[EventDate "2026.02.12"]
[EventType "swiss"]
[EventRounds "5"]
[EventCountry "CAN"]

1. d4 Nf6 2. c4 g6 3. f3 Bg7 4. e4 d6 5. Nc3 O-O 6. Nge2 c5 7. Be3 cxd4 8. Nxd4 Nc6 9. Be2 Nd7 10. g4 Nb6 11. Qd2 Ne5 12. b3 a5 13. Bh6 e6 14. Bxg7 Qh4+ 15. Kd1 Kxg7 16. Kc2 Rd8 17. Ndb5 Qe7 18. Rad1 a4 19. c5 axb3+ 20. axb3 d5 21. cxb6 Qc5 22. Qd4 Ra2+ 23. Kb1 Qxd4 24. Rxd4 Nc6 25. Kxa2 Nxd4 26. Nxd4 dxe4 27. Rd1 1-0

[Event "Montcalm 5 2025-26"]
[Site "Quebec CAN"]
[Date "2026.03.12"]
[Round "5"]
[White "Sarra-Bournet, Marc"]
[Black "Boissinot, Claude"]
[Result "1-0"]
[WhiteElo "1731"]
[BlackElo "1356"]
[WhiteFideId "-1"]
[BlackFideId "-1"]
[PlyCount "173"]
[GameId "2287551710159410"]
[EventDate "2026.02.12"]
[EventType "swiss"]
[EventRounds "5"]
[EventCountry "CAN"]

1. e4 c5 2. Nc3 Nc6 3. f4 e6 4. Nf3 g6 5. Bc4 Bg7 6. O-O Nge7 7. f5 exf5 8. d3 O-O 9. exf5 Nxf5 10. Nd5 h6 11. c3 a6 12. Nf4 Kh7 13. Nh3 d5 14. Bb3 Nh4 15. Nxh4 Bxh3 16. Nf3 Be6 17. d4 c4 18. Bc2 Ne7 19. Bf4 Ng8 20. Ne5 Rc8 21. Qe2 Qb6 22. a4 a5 23. Rae1 Rce8 24. Rf2 Ne7 25. Ng4 Bf5 26. Bxf5 Nxf5 27. Qxe8 Rxe8 28. Rxe8 Qb3 29. h3 h5 30. Ne5 Qxa4 31. Rb8 Nd6 32. Rf1 f6 33. Nxg6 Kxg6 34. Bxd6 Qc6 35. Bf4 b5 36. Re1 b4 37. Re7 bxc3 38. bxc3 Qa4 39. Bd2 Qd1+ 40. Be1 Bh6 41. Rg8+ Kf5 42. Rg3 Bd2 43. Rf3+ Kg6 44. Kf1 Bxe1 45. Rxe1 Qb3 46. Re6 Qd1+ 47. Kf2 Qd2+ 48. Kg1 Qg5 49. Kh2 Kf7 50. Ra6 Qg6 51. Rxa5 Qg5 52. Rc5 Ke6 53. Rc6+ Ke7 54. Rcxf6 h4 55. R6f5 Qg6 56. Rxd5 Ke6 57. Re5+ Kd6 58. Ref5 Ke7 59. R5f4 Kd7 60. Rxh4 Qd6+ 61. Kg1 Qe6 62. Kf2 Qg6 63. g4 Qc2+ 64. Kg3 Qc1 65. Rh7+ Kd6 66. Rf6+ Kd5 67. Rh5+ Ke4 68. Re5+ Kd3 69. Rf3+ Kc2 70. Re2+ Kb3 71. h4 Qg1+ 72. Rg2 Qe1+ 73. Rgf2 Qg1+ 74. Kf4 Qc1+ 75. Re3 Qb1 76. h5 Qh7 77. Kg3 Qh6 78. Rf4 Qd6 79. Re5 Kc2 80. Rf3 Kb3 81. g5 Qd7 82. Rf6 Kc2 83. Rf3 Qd6 84. g6 Qd7 85. Rf7 Qd6 86. g7 Qd8 87. Rf8 1-0

[Event "Montcalm 5 2025-26"]
[Site "Quebec CAN"]
[Date "2026.03.12"]
[Round "5"]
[White "Fleury, Dominic"]
[Black "Pepin, Pierre-Luc"]
[Result "1-0"]
[WhiteElo "1335"]
[BlackElo "1186"]
[WhiteFideId "-1"]
[BlackFideId "-1"]
[PlyCount "47"]
[GameId "2287551710159411"]
[EventDate "2026.02.12"]
[EventType "swiss"]
[EventRounds "5"]
[EventCountry "CAN"]

1. e4 e6 2. d4 d5 3. Nc3 dxe4 4. Nxe4 a6 5. Nf3 Nd7 6. Bd3 g6 7. O-O Bg7 8. h4 b6 9. Nh2 Bb7 10. c3 Ngf6 11. Qf3 Nxe4 12. Bxe4 Bxe4 13. Qxe4 h6 14. Bf4 O-O 15. Qe3 h5 16. Nf3 Nf6 17. Bg5 Re8 18. Ne5 Qd6 19. Qf4 Qe7 20. c4 c5 21. Rad1 cxd4 22. Rxd4 Rad8 23. Nc6 Rxd4 24. Nxe7+ 1-0

[Event "Ottawa March op"]
[Site "Ottawa CAN"]
[Date "2026.02.27"]
[Round "1.2"]
[White "Chiku-Ratte, Oliver-Kenta"]
[Black "Huang, Patrick"]
[Result "1-0"]
[WhiteElo "2471"]
[BlackElo "2129"]
[WhiteFideId "-1"]
[BlackFideId "-1"]
[PlyCount "79"]
[GameId "2283952154399084"]
[EventDate "2026.02.27"]
[EventType "swiss"]
[EventRounds "5"]
[EventCountry "CAN"]

1. d4 {[%emt 0:27:23]} Nf6 {[%emt 0:00:13]} 2. c4 {[%emt 0:00:03]} e6 {[%emt 0:00:13]} 3. Nc3 {[%emt 0:00:03]} Bb4 {[%emt 0:00:13]} 4. e3 {[%emt 0:00:03]} O-O {[%emt 0:00:19]} 5. Bd2 {[%emt 0:00:05]} d5 {[%emt 0:01:03]} 6. Nf3 {[%emt 0:00:05]} c5 {[%emt 0:00:39]} 7. a3 {[%emt 0:00:06]} Bxc3 {[%emt 0:01:13]} 8. Bxc3 {[%emt 0:00:03]} Ne4 {[%emt 0:00:30]} 9. Rc1 {[%emt 0:00:06]} Nxc3 {[%emt 0:05:57]} 10. Rxc3 {[%emt 0:00:26]} cxd4 {[%emt 0:00:17]} 11. Nxd4 {[%emt 0:00:18]} dxc4 {[%emt 0:09:12]} 12. Bxc4 {[%emt 0:00:33]} e5 {[%emt 0:00:48]} 13. Nb3 {[%emt 0:07:19]} Qxd1+ {[%emt 0:01:30]} 14. Kxd1 {[%emt 0:00:02]} Bd7 {[%emt 0:07:52]} 15. Na5 {[%emt 0:11:16]} Bc6 {[%emt 0:03:59]} 16. f3 {[%emt 0:01:49]} Nd7 {[%emt 0:09:34]} 17. Nxc6 {[%emt 0:01:13]} bxc6 {[%emt 0:00:48]} 18. Bd3 {[%emt 0:02:03]} Rfb8 {[%emt 0:06:55]} 19. Kc2 {[%emt 0:07:37]} Rb6 {[%emt 0:01:09]} 20. Rd1 {[%emt 0:01:51]} Nf6 {[%emt 0:12:29]} 21. Rc5 {[%emt 0:04:05]} e4 {[%emt 0:00:59]} 22. Bxe4 {[%emt 0:00:25]} Nxe4 {[%emt 0:00:12]} 23. fxe4 {[%emt 0:00:01]} Kf8 {[%emt 0:03:05]} 24. Rd6 {[%emt 0:02:57]} Rc8 {[%emt 0:02:53]} 25. Rd7 {[%emt 0:00:28]} Rb5 {[%emt 0:00:56]} 26. b4 {[%emt 0:08:16]} a5 {[%emt 0:02:05]} 27. Kc3 {[%emt 0:07:40]} axb4+ {[%emt 0:00:12]} 28. axb4 {[%emt 0:00:01]} f6 {[%emt 0:09:51]} 29. Kc4 {[%emt 0:02:26]} Rcb8 {[%emt 0:00:53]} 30. Rxb5 {[%emt 0:01:00]} Rxb5 {[%emt 0:01:51]} 31. Rc7 {[%emt 0:00:10]} Re5 {[%emt 0:00:18]} 32. Rxc6 {[%emt 0:00:55]} Rxe4+ {[%emt 0:00:09]} 33. Kc5 {[%emt 0:00:14]} Re5+ {[%emt 0:02:36]} 34. Kd4 {[%emt 0:00:18]} Rb5 {[%emt 0:00:40]} 35. Kc4 {[%emt 0:00:05]} Re5 {[%emt 0:01:26]} 36. b5 {[%emt 0:00:28]} Re4+ {[%emt 0:00:54]} 37. Kc5 {[%emt 0:00:44]} Rxe3 {[%emt 0:00:18]} 38. b6 {[%emt 0:00:10]} Ke7 {[%emt 0:00:50]} 39. b7 {[%emt 0:00:23]} Rb3 {[%emt 0:00:55]} 40. Rb6 {[%emt 0:00:05]} 1-0